Fr. Conceicao Rodrigues College of Engineering

Official technology and wideband Local networks (Record no. 30884)

MARC details
000 -LEADER
fixed length control field 00330nam a2200133Ia 4500
082 ## - DEWEY DECIMAL CLASSIFICATION NUMBER
Classification number 621.380414
Item number MID
100 ## - MAIN ENTRY--PERSONAL NAME
Personal name Midwinter/ Gambling/ ed.
245 ## - TITLE STATEMENT
Title Official technology and wideband Local networks
260 ## - PUBLICATION, DISTRIBUTION, ETC.
Name of publisher, distributor, etc. The royal society
Place of publication, distribution, etc. London
Date of publication, distribution, etc. 1989
300 ## - PHYSICAL DESCRIPTION
Extent 153
546 ## - LANGUAGE NOTE
Language note ENGLISH
654 ## - SUBJECT ADDED ENTRY--FACETED TOPICAL TERMS
Focus term wideband
942 ## - ADDED ENTRY ELEMENTS (KOHA)
Koha item type Reference Book
Holdings
Withdrawn status Lost status Damaged status Not for loan Collection Home library Current library Date acquired Total Checkouts Full call number Barcode Date last seen Price effective from Koha item type
        CRC Fr. Agnel's C.Rodrigues College of Engineering Fr. Agnel's C.Rodrigues College of Engineering 17/03/2023   621.380414 MID 14289 17/03/2023 17/03/2023 Reference Book